[Event "Titled Tuesday intern op 26th Sep Early"]
[Site "Chess.com INT"]
[Date "2023.09.26"]
[Round "10"]
[White "Stijve, Theo"]
[Black "Korol, Dimitry"]
[Result "1-0"]
[WhiteElo "2337"]
[BlackElo "2287"]
[PlyCount "97"]
[EventDate "2023.09.26"]
[EventType "swiss (blitz)"]
[EventRounds "11"]
[EventCountry "USA"]
[SourceTitle "EXT 2024"]
[Source "ChessBase"]
[SourceDate "2023.10.10"]
[SourceVersion "1"]
[SourceVersionDate "2023.10.10"]
[SourceQuality "1"]

1. e4 c5 2. Nf3 d6 3. d4 cxd4 4. Nxd4 Nf6 5. Nc3 g6 6. Be3 Bg7 7. f3 0-0 8. Qd2 Nc6 9. g4 Be6 10. Nxe6 fxe6 11. 0-0-0 Ne5 12. Be2 Qc8 13. h4 Nc4 14. Bxc4 Qxc4 15. h5 Nd7 16. hxg6 hxg6 17. f4 Bxc3 18. bxc3 Rac8 19. Qh2 Kf7 20. Qh7+ Ke8 21. Qxg6+ Kd8 22. e5 Rc6 23. exd6 exd6 24. Qg5+ Kc8 25. Qa5 Qxc3 26. Qxc3 Rxc3 27. Kd2 Rc4 28. g5 Nc5 29. g6 Ne4+ 30. Kd3 d5 31. g7 Rg8 32. Rh8 Nf6 33. Bd4 Rxd4+ 34. Kxd4 Kd7 35. Rxg8 Nxg8 36. Ke5 Ke7 37. f5 exf5 38. Rxd5 Nf6 39. Kxf5 Kf7 40. Rd6 Ng8 41. Rd7+ Ke8 42. Rxb7 Nh6+ 43. Ke6 Kd8 44. Rxa7 Kc8 45. a4 Kb8 46. Rd7 Kc8 47. a5 Kb8 48. a6 Kc8 49. a7 1-0